Bulgaria : 2020 Article IV Consultation-Press Release; Staff Report; and Statement by the Executive Director for Bulgaria.

The economy contracted sharply amid two waves of COVID-19 infections, with the government providing sizable policy support. The outlook is very uncertain and the main challenge facing policymakers is to keep adjusting to changing circumstances. Over the medium term, structural reforms are needed tha...

Ամբողջական նկարագրություն

Մատենագիտական մանրամասներ
Համատեղ հեղինակ: International Monetary Fund. European Dept
Ձևաչափ: Ամսագիր
Լեզու:English
Հրապարակվել է: Washington, D.C. : International Monetary Fund, 2021.
Շարք:IMF Staff Country Reports; Country Report ; No. 2021/027
Առցանց հասանելիություն:Full text available on IMF
LEADER 01524cas a2200241 a 4500
001 AALejournalIMF021491
008 230101c9999 xx r poo 0 0eng d
020 |c 5.00 USD 
020 |z 9781513568119 
022 |a 1934-7685 
040 |a BD-DhAAL  |c BD-DhAAL 
110 2 |a International Monetary Fund.  |b European Dept. 
245 1 0 |a Bulgaria :   |b 2020 Article IV Consultation-Press Release; Staff Report; and Statement by the Executive Director for Bulgaria. 
264 1 |a Washington, D.C. :  |b International Monetary Fund,  |c 2021. 
300 |a 1 online resource (65 pages) 
490 1 |a IMF Staff Country Reports 
500 |a <strong>Off-Campus Access:</strong> No User ID or Password Required 
500 |a <strong>On-Campus Access:</strong> No User ID or Password Required 
506 |a Electronic access restricted to authorized BRAC University faculty, staff and students 
520 3 |a The economy contracted sharply amid two waves of COVID-19 infections, with the government providing sizable policy support. The outlook is very uncertain and the main challenge facing policymakers is to keep adjusting to changing circumstances. Over the medium term, structural reforms are needed that support inclusive income convergence toward advanced EU partners against demographic headwinds. 
538 |a Mode of access: Internet 
830 0 |a IMF Staff Country Reports; Country Report ;  |v No. 2021/027 
856 4 0 |z Full text available on IMF  |u http://elibrary.imf.org/view/journals/002/2021/027/002.2021.issue-027-en.xml  |z IMF e-Library